Grain yields and the American food supply ; an analysis of yield changes and possibilities /

Bibliographic Details
Main Author: Johnson, D. Gale (David Gale), 1916-2003
Other Authors: Gustafson, Robert L.
Format: Book
Language:English
Published: [Chicago] : University of Chicago Press, [1962]
Subjects:

MARC

Tag First Indicator Second Indicator Subfields
LEADER 00000cam a2200000 4500
001 in00000042571
005 20151007074746.0
008 740117s1962 ilua 00010 eng
010 |a  62018115  
035 |a (OCoLC)00777757 
035 |9 AAF2047AM 
040 |a DLC  |c WAL  |d OCL  |d TXA  |d UtOrBLW 
049 |a TXAM  |c 1 [353679]  |c 2 [370538] 
050 0 0 |a HD9034  |b .J6 
092 |a 633.1  |b J66g, 1962 
100 1 |a Johnson, D. Gale  |q (David Gale),  |d 1916-2003. 
245 1 0 |a Grain yields and the American food supply ;  |b an analysis of yield changes and possibilities /  |c [by] D. Gale Johnson and Robert L. Gustafson. With introductions by Paul B. Sears. 
264 1 |a [Chicago] :  |b University of Chicago Press,  |c [1962] 
300 |a 146 pages :  |b illustrations ;  |c 23 cm. 
336 |a text  |b txt  |2 rdacontent 
337 |a unmediated  |b n  |2 rdamedia 
338 |a volume  |b nc  |2 rdacarrier 
650 0 |a Grain  |z United States. 
650 0 |a Crop yields. 
650 0 |a Crops and climate. 
700 1 |a Gustafson, Robert L. 
999 |a MARS 
999 f f |s 6cec7093-a3dd-3fdf-a2f9-c93064143a91  |i 92adb480-89d9-3bf4-90f2-682c947a723b  |t 0 
952 f f |p normal  |a Texas A&M University  |b College Station  |c Sterling C. Evans Library  |d Evans: Library Stacks  |t 0  |e HD9034 .J6  |h Library of Congress classification  |i unmediated -- volume  |m A14801072227 
998 f f |a HD9034 .J6  |t 0  |l Evans: Library Stacks